| Tag |
First Indicator |
Second Indicator |
Subfields |
| LEADER |
00000cam a22000005 4500 |
| 001 |
in00001473708 |
| 005 |
20151021055427.0 |
| 008 |
870819s1963 ru a 000 0 rusod |
| 035 |
|
|
|a (OCoLC)16511964
|
| 035 |
|
|
|9 AJF3710AM
|
| 040 |
|
|
|a WAU
|c WAU
|d TXA
|d UtOrBLW
|
| 043 |
|
|
|a e-ur---
|
| 049 |
|
|
|a TXAM
|
| 090 |
|
|
|a DK265.7
|b .E72
|
| 245 |
0 |
0 |
|a Etapy bolʹshogo puti :
|b vospominanii︠a︡ o grazhdanskoĭ voĭne /
|c [Redaktor-sostavitelʹ V. D. Polikarpov].
|
| 264 |
|
1 |
|a Moskva :
|b Voen. izd-vo,
|c 1963.
|
| 300 |
|
|
|a 528 pages :
|b illustrations
|
| 336 |
|
|
|a text
|b txt
|2 rdacontent
|
| 337 |
|
|
|a unmediated
|b n
|2 rdamedia
|
| 338 |
|
|
|a volume
|b nc
|2 rdacarrier
|
| 536 |
|
|
|a From the Estate of George and Mathilda Sabo by Dr. Joseph R. Corcoran & Irene Sabo Corcoran and Family. September 1998.
|
| 651 |
|
0 |
|a Soviet Union
|x History
|y Revolution, 1917-1921
|v Personal narratives.
|
| 610 |
1 |
0 |
|a Soviet Union.
|b Armii︠a︡
|x History.
|
| 700 |
1 |
|
|a Polikarpov, Vasiliĭ Dmitrievich.
|
| 948 |
|
|
|a c:tc
|
| 999 |
|
|
|a MARS
|
| 999 |
f |
f |
|s 56a4377e-6cab-34f0-98b5-d9e82c36080f
|i 7c44b516-3a5b-35d0-ac4b-b74dcae56da0
|t 0
|
| 952 |
f |
f |
|p ric
|a Texas A&M University
|b Rellis Campus
|c Joint Library Facility
|d Remote Storage
|t 0
|e DK265.7 .E72
|h Library of Congress classification
|i unmediated -- volume
|m A14823913774
|
| 998 |
f |
f |
|a DK265.7 .E72
|t 0
|l Remote Storage
|